Представление документа в формате RUSMARC

ПолеНазваниеЗначение
  Тип записи a
  Библиографический уровень m
001 Контрольный номер RU/SLIB/B/208770173
005 Дата корректировки 20201206204258.4
010 Индекс ISBN __
d Цена 2-00
101 Язык документа __
a Язык текста rus
200 Заглавие и сведения об ответственности 0_
a Заглавие Рассказы Начальной русской летописи
b Общее обозначение материала Текст
210 Выходные данные __
a Место издания М.
c Издательство Дет. лит.
d Дата издания 1987
215 Физическое описание __
a Объем 152 с.
606 Тематические рубрики __
a Основная рубрика Художественная литература
y Географическая подрубрика Россия
606 Тематические рубрики __
a Основная рубрика Древнерусская литература (произведения)
610 Ключевые слова __
a Ключевые слова писатели; прозаики; проза; рассказы; повести; летописи
686 Индексы других классификаций __
a Классификационный индекс ст84(2Рос=Рус)1-4
801 Источник записи _0
a Страна RU
b Организация Муниципальное бюджетное учреждение культуры "Централизованная библиотечная система" г. Сургут (Центральная городская библиотека им. А. С. Пушкина)
g Правила каталогизации КиК/Елгина
801 Источник записи _1
a Страна RU
b Организация Муниципальное бюджетное учреждение культуры "Централизованная библиотечная система" г. Сургут (Центральная городская библиотека им. А. С. Пушкина)
g Правила каталогизации КиК/Елгина
852 Данные о местонахождении __
j Шифр хранения ст84(2Рос=Рус)1-4
i Авторский знак Р 24
p Инвентарный номер 28778
901 Тип документа __
t Тип документа m
990 Данные о заказе (DOS) 00
j Количество экземпляров (DOS) 2
t N записи в КСУ для И/У (DOS) ретро